Poesía
Salvato in:
| Autore principale: | |
|---|---|
| Natura: | Libro |
| Lingua: | spagnolo |
| Pubblicazione: |
Barcelona
Planeta
1990
|
| Serie: | Clásicos Universales Planeta, 189
|
| Soggetti: | |
| Tags: |
Aggiungi Tag
Nessun Tag, puoi essere il primo ad aggiungerne!!
|
MARC
| LEADER | 00000nam a2200000 a 4500 | ||
|---|---|---|---|
| 001 | UCV9387 | ||
| 003 | CL-VaPUC | ||
| 008 | 920827e19900000SP |||||||||||||||||spa|d | ||
| 082 | 0 | 4 | |a 871 |b CAT |2 21 |
| 100 | 0 | |a Catulo, Cayo Valerio |e author |9 303392 | |
| 245 | 1 | 0 | |a Poesía |
| 300 | |a 130 p | ||
| 942 | |c BK | ||
| 945 | |d 19920827 00:00:00 | ||
| 260 | |a Barcelona |b Planeta |c 1990 | ||
| 650 | 7 | |a POESIAS LATINAS |2 CL-VaPUC |9 303393 | |
| 583 | |a last modification |c 19920827 00:00:00 |k Rodrigo Vera | ||
| 490 | 0 | |a Clásicos Universales Planeta, 189 | |
| 999 | |c 214733 |d 214731 | ||
| 952 | |0 0 |1 0 |4 0 |6 871_000000000000000_CAT_1990 |7 0 |8 P |9 198405 |a BIBARQ |b BIBARQ |d 2019-11-14 |i 2658798 |o 871 CAT 1990 |p 2658798 |r 2025-01-20 |w 2019-11-14 |y BK |k ARQ | ||